=LDR 00000nam 2200000 4500 =001 INLIS000000000005455 =005 20130612093714 =008 ***********************************Ind** =035 ##$$0010-061300000005455 =041 ##$$a Ind =082 ##$$a 123.5 =090 ##$$a 123.5, Fro l =100 ##$$a FROMM, Grick =245 ##$$a Lari dari kebebasan, Grick Fromm; Penerjemah, Kamdani =260 ##$$a 1997 $b Yogyakarta =300 ##$$a viii, 310 hlm, 21 cm =650 ##$$a Determinisme =700 ##$$a KAMDANI =850 ##$$a NBPNMAT